[Event "Mistrzostwa Polski Juniorow Mlodszych do lat 12 - OOM Zachodniopomorskie 2023"]
[Site "Darlowek"]
[Date "1899-12-30"]
[Round "6.10"]
[White "Ochedzan, Filip"]
[Black "Sakharchuk, Aliaksandr"]
[Result "1-0"]
[WhiteTitle "I"]
[BlackTitle "II+"]
[WhiteElo "1856"]
[BlackElo "1378"]

1. e4 e6 2. d4 d5 3. Nc3 Nf6 4. e5 Nfd7 5. f4 c5 6. Nf3 Nc6 7. Be3 a6 8. a3 b5
9. dxc5 Nxc5 10. b4 Nd7 11. Nd4 Qc7 12. Nce2 Nxd4 13. Bxd4 Bb7 14. c3 Nb6 15.
Nc1 Nc4 16. Nd3 Qc6 17. Be2 Be7 18. O-O g6 19. Kh1 O-O-O 20. a4 Kc7 21. Qc2 Ra8
22. Nc5 Bxc5 23. Bxc5 h5 24. Bxc4 bxc4 25. Rab1 a5 26. Bd4 axb4 27. Rxb4 Ra6 28.
Rfb1 Rb8 29. Rb5 Qd7 30. Qb2 Kc8 31. Qb4 h4 32. Bb6 Bc6 33. Qc5 Rb7 34. a5 Kb8
35. Qf8+ Qe8 36. Qd6+ Ka8 37. Rc5 Bd7 38. Rc7 Bc8 39. Qc5 Rxc7 40. Bxc7 Bb7 41.
Rb6 Qc8 42. h3 Rxb6 43. axb6 Ba6 44. Qe7 Qg8 45. Bd8 Bb7 46. Qa3+ Kb8 47. Bc7+
Kc8 48. Qa7 Qe8 49. Qb8+ Kd7 50. Qxb7 Qc8 51. Qxc8+ Kxc8 52. Bd6 d4 53. cxd4 c3
54. Ba3 Kb7 55. Kg1 Kxb6 56. Kf2 Kb5 57. Ke3 Kc4 58. Bc1 Kb4 59. Kd3 Kb3 60. Ba3
Kxa3 61. Kxc3 Ka2 62. Kc4 Kb2 63. d5 exd5+ 64. Kxd5 Kc3 65. Kd6 g5 66. fxg5 Kd4
67. e6 1-0

[Event "Mistrzostwa Polski Juniorow Mlodszych do lat 12 - OOM Zachodniopomorskie 2023"]
[Site "Darlowek"]
[Date "1899-12-30"]
[Round "6.11"]
[White "Korszanski, Stanislaw"]
[Black "Mroczkowski, Adam"]
[Result "1-0"]
[WhiteTitle "I"]
[BlackTitle "II"]
[WhiteElo "1622"]
[BlackElo "1402"]

1. e4 e5 2. Bc4 Bc5 3. Nc3 Nf6 4. d3 h6 5. f4 d6 6. Nf3 Nc6 7. Na4 Bb6 8. Nxb6
axb6 9. O-O O-O 10. fxe5 dxe5 11. Nh4 Na5 12. Qf3 Nxc4 13. dxc4 Bg4 14. Qe3 Nh5
15. Nf3 Qd6 16. Bd2 Nf4 17. h3 Bxf3 18. Rxf3 Qd4 19. Kh2 Qxc4 20. Bc3 Ng6 21.
Rg3 Qe6 22. b3 Rfd8 23. a4 Rd7 24. Rf1 Rad8 25. Rf5 Rd1 26. h4 Re8 27. h5 Ne7
28. Rxe5 Qd6 29. Qf4 f5 30. exf5 Kf8 31. Qg4 Rd8 32. Qxg7+ Ke8 33. f6 Kd7 34.
Qxe7+ 1-0

[Event "Mistrzostwa Polski Juniorow Mlodszych do lat 12 - OOM Zachodniopomorskie 2023"]
[Site "Darlowek"]
[Date "1899-12-30"]
[Round "6.12"]
[White "Czeremcha, Piotr"]
[Black "Jasiulewicz, Kamil"]
[Result "1/2-1/2"]
[WhiteTitle "II"]
[BlackTitle "II"]
[WhiteElo "1382"]
[BlackElo "1486"]

1. e4 c5 2. Nf3 e6 3. d4 cxd4 4. Nxd4 a6 5. Nc3 b5 6. Be3 Bb7 7. Bd3 Qc7 8. Nce2
d6 9. Qd2 Nf6 10. f3 Nbd7 11. Rc1 Nb6 12. Qa5 Nbd5 13. Qxc7 Nxc7 14. c4 bxc4 15.
Bxc4 Be7 16. Bb3 Nb5 17. Nxb5 axb5 18. Rc7 Ba6 19. Kf2 Bd8 20. Rc6 Kd7 21. Rc2
Ba5 22. Rd1 Rhc8 23. e5 Ne8 24. exd6 Rxc2 25. Bxc2 h6 26. Ng3 Rc8 27. Bb3 Rc6
28. Ne4 Nxd6 29. Nxd6 Rxd6 30. Rxd6+ Kxd6 31. Bd4 f6 32. Ke3 Bb7 33. Bc2 Bd5 34.
b3 1/2-1/2

[Event "Mistrzostwa Polski Juniorow Mlodszych do lat 12 - OOM Zachodniopomorskie 2023"]
[Site "Darlowek"]
[Date "1899-12-30"]
[Round "6.13"]
[White "Zalewski, Witold"]
[Black "Wojciechowski, Szymon"]
[Result "1/2-1/2"]
[WhiteTitle "II"]
[BlackTitle "II+"]
[WhiteElo "1292"]
[BlackElo "1479"]

1. e4 c5 2. Nc3 Nc6 3. g3 e6 4. Bg2 Nge7 5. d3 d5 6. exd5 Nxd5 7. Nge2 Nf6 8. O-O
Be7 9. Bf4 O-O 10. Qd2 a6 11. Rad1 Nd4 12. Nxd4 cxd4 13. Ne2 Qb6 14. c3 dxc3 15.
bxc3 Qa5 16. Rb1 Nd5 17. Rb3 Nxf4 18. Nxf4 Ra7 19. d4 b5 20. Re1 Bb7 21. d5 Qd8
22. Qe3 Qa8 23. dxe6 Bxg2 24. Nxg2 Bf6 25. exf7+ Raxf7 26. Rf1 Re7 27. Qd3 Rd8
28. Qf5 Re5 29. Qc2 Rc5 30. Nf4 Rdc8 31. Qe2 Qc6 32. Rc1 a5 33. Nd3 Rxc3 34. Rbxc3
Bxc3 35. Qc2 b4 36. a3 bxa3 37. Qb3+ Qc4 38. Rxc3 Qxb3 39. Rxb3 a2 40. Ra3 Rc3
41. Rxa2 Rxd3 42. Rxa5 h6 43. Kg2 g6 44. Ra7 Rb3 45. h4 Rc3 46. g4 Rb3 47. f3
Rc3 48. Kg3 Rc4 49. g5 hxg5 50. hxg5 Rb4 51. f4 Rb3+ 52. Kg4 Rb4 53. Ra6 Kg7 54.
Ra7+ Kg8 55. Ra6 1/2-1/2

[Event "Mistrzostwa Polski Juniorow Mlodszych do lat 12 - OOM Zachodniopomorskie 2023"]
[Site "Darlowek"]
[Date "1899-12-30"]
[Round "6.14"]
[White "Morozov, Artem"]
[Black "Seemann, Adam"]
[Result "1-0"]
[WhiteTitle "II+"]
[BlackTitle "II"]
[WhiteElo "1452"]
[BlackElo "1381"]

1. d4 Nf6 2. Nf3 g6 3. Bf4 Bg7 4. h3 O-O 5. c4 d6 6. e3 Nbd7 7. Nc3 a6 8. Be2 c5
9. O-O Re8 10. Bg5 cxd4 11. Nxd4 Nc5 12. Bf3 Rb8 13. Qc2 Ne6 14. Bh4 Nxd4 15.
exd4 Bf5 16. Qd2 b5 17. cxb5 axb5 18. Bc6 Bd7 19. d5 Bxc6 20. dxc6 Qc7 21. Bxf6
Bxf6 22. Nd5 Qxc6 23. Nxf6+ exf6 24. Rac1 Qd7 25. Rfd1 Red8 26. Qd5 Qe6 27. Rc6
Qxd5 28. Rxd5 Ra8 29. a3 b4 30. axb4 Rab8 31. b5 Rb7 32. b6 Kf8 33. Rdxd6 Rxd6
34. Rxd6 Ke7 35. Rc6 f5 36. Rc7+ Rxc7 37. bxc7 Kd7 38. c8=Q+ Kxc8 39. Kf1 Kc7
40. Ke2 Kc6 41. Kd3 Kc5 42. Kc3 f6 43. b3 h5 44. h4 g5 45. b4+ Kb5 46. Kd4 f4
47. Ke4 Kxb4 48. hxg5 fxg5 49. Kf5 h4 50. f3 1-0

[Event "Mistrzostwa Polski Juniorow Mlodszych do lat 12 - OOM Zachodniopomorskie 2023"]
[Site "Darlowek"]
[Date "1899-12-30"]
[Round "6.15"]
[White "Pekala, Dawid"]
[Black "Lesik, Sebastian"]
[Result "1/2-1/2"]
[WhiteTitle "I"]
[BlackTitle "II"]
[WhiteElo "1405"]
[BlackElo "1358"]

1. e4 c5 2. Nf3 e6 3. d4 cxd4 4. Nxd4 a6 5. c4 Nf6 6. Nc3 Qc7 7. a3 b6 8. Be3 Bb7
9. f3 d6 10. Be2 Nbd7 11. O-O Be7 12. Qd2 O-O 13. Rac1 Rac8 14. b4 Qb8 15. Kh1
Bd8 16. Qa2 Bc7 17. Bg1 Rfe8 18. Nc2 d5 19. exd5 exd5 20. Nd4 Qa8 21. cxd5 Bf4
22. Rc2 Nxd5 23. Nxd5 Bxd5 24. Rxc8 Rxc8 25. Qb2 Be5 26. Qd2 b5 27. Nf5 Bf6 28.
Rd1 Be6 29. Nd6 Rc6 30. Ne4 Be7 31. Be3 Qc8 32. Rc1 Rxc1+ 33. Qxc1 Qxc1+ 34. Bxc1
1/2-1/2

[Event "Mistrzostwa Polski Juniorow Mlodszych do lat 12 - OOM Zachodniopomorskie 2023"]
[Site "Darlowek"]
[Date "1899-12-30"]
[Round "6.16"]
[White "Kisiel, Wiktor"]
[Black "Reterski, Wiktor"]
[Result "1-0"]
[WhiteTitle "II"]
[BlackTitle "II"]
[WhiteElo "1458"]
[BlackElo "1247"]

1. d4 Nf6 2. Nf3 g6 3. c4 Bg7 4. g3 O-O 5. Bg2 d6 6. O-O Nbd7 7. Nc3 Re8 8. Qc2
e5 9. Rd1 exd4 10. Nxd4 Nc5 11. b3 Qe7 12. Bb2 Nce4 13. Nxe4 Nxe4 14. Nb5 Nxf2
15. Kxf2 Qe3+ 16. Kf1 Bg4 17. Re1 c6 18. Bxg7 cxb5 19. Bb2 f6 20. Qd3 Qe7 21.
e4 bxc4 22. bxc4 Be6 23. Rac1 Rac8 24. Qd4 Rc6 25. Re2 Rec8 26. Rec2 b5 27. Kg1
Kf7 28. Rf2 Rxc4 29. Rxf6+ Ke8 30. Rxc4 Rxc4 31. Qd2 Ra4 32. e5 Kd7 33. exd6 Qxd6
34. Qxd6+ Kxd6 35. Bh3 Re4 36. Kf2 Ke7 37. Rxe6+ Rxe6 38. Bxe6 Kxe6 39. Ke3 h5
40. Kf4 a5 41. Kg5 Kf7 42. Ba1 a4 43. a3 1-0

[Event "Mistrzostwa Polski Juniorow Mlodszych do lat 12 - OOM Zachodniopomorskie 2023"]
[Site "Darlowek"]
[Date "1899-12-30"]
[Round "6.17"]
[White "Madejski, Milosz"]
[Black "Staniczek, Kacper"]
[Result "1/2-1/2"]
[WhiteTitle "II"]
[BlackTitle "I"]
[WhiteElo "1236"]
[BlackElo "1464"]

1. d4 d5 2. c4 e6 3. Nc3 c5 4. dxc5 d4 5. Nb5 Bxc5 6. Nf3 Nc6 7. Bf4 Bb4+ 8. Bd2
Bxd2+ 9. Qxd2 e5 10. e3 a6 11. Na3 dxe3 12. Qxe3 Qa5+ 13. Qd2 Qxd2+ 14. Nxd2 Bf5
15. Be2 O-O-O 16. Nf3 f6 17. O-O Nge7 18. Nb1 Nd4 19. Nxd4 Rxd4 20. Nc3 Rhd8 21.
b3 Rd2 22. Rfd1 Rc2 23. Rdc1 Rdd2 24. Bd1 Rxc1 25. Rxc1 Nc6 26. a3 Nd4 27. b4
Bd3 28. b5 a5 29. h3 Kd8 30. Bf3 e4 31. Bxe4 Bxc4 32. Bxb7 Bxb5 33. Rd1 1/2-1/2

[Event "Mistrzostwa Polski Juniorow Mlodszych do lat 12 - OOM Zachodniopomorskie 2023"]
[Site "Darlowek"]
[Date "1899-12-30"]
[Round "6.18"]
[White "Smolinski, Wojciech"]
[Black "Marcinkowski, Adam"]
[Result "1-0"]
[WhiteTitle "II"]
[BlackTitle "II"]
[WhiteElo "1439"]
[BlackElo "1363"]

1. e4 e5 2. Nf3 Nf6 3. Nxe5 d6 4. Nf3 Nxe4 5. Nc3 Nxc3 6. dxc3 Be7 7. Be3 Nc6 8.
Qd2 Be6 9. O-O-O Qd7 10. h3 Bf6 11. Nd4 Nxd4 12. Bxd4 Bxd4 13. Qxd4 O-O 14. Kb1
Rad8 15. Bd3 Rfe8 16. g4 c5 17. Qf4 b5 18. h4 d5 19. h5 Qd6 20. Qxd6 Rxd6 21.
Bxb5 Red8 22. Be2 Bc8 23. Bf3 h6 24. Rhe1 Kf8 25. Re3 Rf6 26. Red3 Rxf3 27. Rxf3
Bxg4 28. Rfd3 Bxd1 29. Rxd1 Ke7 30. Rg1 Kf6 31. Kc1 Re8 32. Kd2 Re4 33. Rh1 g6
34. f3 Re5 35. hxg6 Kxg6 36. b4 c4 37. a4 h5 38. b5 Kg5 39. f4+ Kxf4 40. Rf1+
Kg4 41. Rxf7 h4 42. Rxa7 Re6 43. a5 h3 44. Rh7 Kg3 45. b6 h2 46. b7 Re8 47. a6
Kg2 48. Rxh2+ Kxh2 49. a7 Kg1 50. b8=Q Rg8 51. Qxg8+ Kf1 52. a8=R d4 53. Rf8#
1-0

[Event "Mistrzostwa Polski Juniorow Mlodszych do lat 12 - OOM Zachodniopomorskie 2023"]
[Site "Darlowek"]
[Date "1899-12-30"]
[Round "6.19"]
[White "Wons, Krystian"]
[Black "Chmiel, Krzysztof"]
[Result "1-0"]
[WhiteTitle "I"]
[BlackTitle "II"]
[WhiteElo "1422"]
[BlackElo "1283"]

1. d4 d5 2. c4 e6 3. Nc3 Nf6 4. Nf3 c6 5. Bg5 h6 6. Bh4 Be7 7. e3 O-O 8. Qc2 dxc4
9. Bxc4 Nd5 10. Bxe7 Qxe7 11. a3 Nxc3 12. bxc3 Nd7 13. O-O b6 14. Nd2 Bb7 15.
e4 c5 16. d5 exd5 17. Bxd5 Nf6 18. c4 Rad8 19. f3 Bxd5 20. cxd5 Rfe8 21. a4 Qc7
22. Nc4 Nd7 23. Rad1 Ne5 24. f4 Nxc4 25. Qxc4 Qe7 26. e5 Kh8 27. d6 Qe6 28. Rd5
Qf5 29. Re1 Re6 30. Qe4 Qxe4 31. Rxe4 f6 32. Kf2 Kh7 33. Ke3 f5 34. Rc4 g5 35.
g3 Kg6 36. Rc2 Kf7 37. a5 Ree8 38. axb6 axb6 39. Rb2 Ke6 40. Rd1 Rd7 41. Rxb6
Rc8 42. Rb5 Ra7 43. Rb3 Rd7 44. Rb6 Kf7 45. Kd3 Ke6 46. Kc4 Ra8 47. Kxc5 Ra2 48.
Rb8 Rxh2 49. Rf8 gxf4 50. gxf4 Rc2+ 51. Kd4 Rxd6+ 52. exd6 Kxd6 53. Rxf5 Ke7 54.
Re1+ Kd7 55. Rd5+ Kc6 56. Re6+ Kb7 57. Rb5+ Ka7 58. Re3 Ra2 59. Rbb3 Rf2 60. Kd3
Rxf4 61. Re4 Rf6 62. Ra4+ Ra6 63. Rxa6+ Kxa6 64. Kc4 h5 65. Kc5 h4 66. Rh3 Kb7
67. Rxh4 Ka6 68. Rb4 Ka5 69. Rb1 Ka4 70. Rb8 Ka3 71. Kc4 Ka2 72. Kc3 Ka1 73. Kc2
Ka2 74. Ra8# 1-0

[Event "Mistrzostwa Polski Juniorow Mlodszych do lat 12 - OOM Zachodniopomorskie 2023"]
[Site "Darlowek"]
[Date "1899-12-30"]
[Round "6.20"]
[White "Wasiluk, Dominik"]
[Black "Rutkowski, Feliks"]
[Result "0-1"]
[WhiteTitle "II+"]
[BlackTitle "II"]
[WhiteElo "1335"]
[BlackElo "1413"]

1. e4 c5 2. d4 cxd4 3. c3 dxc3 4. Nxc3 e6 5. Bc4 a6 6. Nf3 b5 7. Bb3 Bb7 8. Qe2
Be7 9. O-O Nc6 10. Rd1 Qb8 11. Qd3 Nf6 12. Bg5 O-O 13. Qe2 d6 14. Bf4 Nd7 15.
Rac1 Nde5 16. Nxe5 dxe5 17. Bg3 Bg5 18. Rb1 Qc7 19. Qg4 Bh6 20. Qh5 Rad8 21. Ne2
Bc8 22. Bh4 f6 23. Bg3 Rxd1+ 24. Rxd1 Rd8 25. Rd3 Qf7 26. Rxd8+ Nxd8 27. Qf3 Qd7
28. h3 Nc6 29. Qc3 Bb7 30. Qf3 Na5 31. Nc3 Nxb3 32. axb3 Qd4 33. Qg4 Kf7 34. Qh5+
Ke7 35. Qh4 b4 36. Na4 Qxe4 37. Qh5 Qxg2# 0-1

[Event "Mistrzostwa Polski Juniorow Mlodszych do lat 12 - OOM Zachodniopomorskie 2023"]
[Site "Darlowek"]
[Date "1899-12-30"]
[Round "6.21"]
[White "Misiek, Marcel"]
[Black "Szymczyk, Jan"]
[Result "0-1"]
[WhiteTitle "II+"]
[BlackTitle "II"]
[WhiteElo "1350"]
[BlackElo "1269"]

1. d4 Nf6 2. c4 c5 3. Nc3 cxd4 4. Qxd4 Nc6 5. Qd1 g6 6. Nf3 Bg7 7. e3 O-O 8. Be2
d6 9. O-O Bg4 10. h3 Bd7 11. Nd4 Rc8 12. b3 Ne8 13. Bb2 Nc7 14. Nd5 Nxd5 15. cxd5
Nxd4 16. Bxd4 Bxd4 17. Qxd4 Qa5 18. h4 Rc2 19. Bf3 Rfc8 20. h5 Rd2 21. Qh4 Qd8
22. g4 e5 23. g5 h6 24. hxg6 Qxg5+ 25. Qxg5 hxg5 26. gxf7+ Kxf7 27. Kg2 Kf6 28.
Rh1 Rcc2 29. Rh6+ Ke7 30. Rah1 g4 31. Be4 Rxf2+ 32. Kg3 Rxa2 33. Rh8 Rf7 34. Kh4
Raf2 35. Kg5 g3 36. Bg6 Rg7 37. Kh6 Rxg6+ 38. Kxg6 Rf7 39. Rg1 Bf5+ 40. Kg5 Be4
41. Rc1 Bf5 42. e4 Bd7 43. Rg1 g2 44. Rh6 Rg7+ 45. Rg6 Rxg6+ 46. Kxg6 Bg4 47.
Kg5 Bf3 48. Kf5 a5 49. Rc1 Kd7 50. Ra1 Be2 51. Rg1 Bf1 52. Kg4 b5 53. Kf3 a4 54.
bxa4 bxa4 55. Ke3 a3 56. Kd2 a2 57. Rxf1 0-1

[Event "Mistrzostwa Polski Juniorow Mlodszych do lat 12 - OOM Zachodniopomorskie 2023"]
[Site "Darlowek"]
[Date "1899-12-30"]
[Round "6.22"]
[White "Golab, Antoni"]
[Black "Ches, Krzysztof"]
[Result "1-0"]
[WhiteTitle "II"]
[BlackTitle "II"]
[WhiteElo "1215"]
[BlackElo "1346"]

1. e4 c5 2. Nf3 Nc6 3. d4 cxd4 4. Nxd4 g6 5. Nc3 Bg7 6. Be3 Nf6 7. Bc4 O-O 8. Qd2
Ng4 9. Nxc6 dxc6 10. Bf4 Qb6 11. Bb3 Rd8 12. Na4 Qd4 13. Qxd4 Rxd4 14. f3 b6 15.
c3 Rxa4 16. Bxa4 b5 17. Bb3 Ne5 18. Bxe5 Bxe5 19. O-O 1-0

[Event "Mistrzostwa Polski Juniorow Mlodszych do lat 12 - OOM Zachodniopomorskie 2023"]
[Site "Darlowek"]
[Date "1899-12-30"]
[Round "6.23"]
[White "Goralski, Mateusz"]
[Black "Lewek, Jakub"]
[Result "1/2-1/2"]
[WhiteTitle "II"]
[BlackTitle "I"]
[WhiteElo "1341"]
[BlackElo "1337"]

1. e4 e5 2. Nf3 Nf6 3. Nxe5 d6 4. Nf3 Nxe4 5. Nc3 Nxc3 6. dxc3 Be7 7. Bf4 Nd7 8.
Qd2 Nc5 9. O-O-O O-O 10. Bd3 Be6 11. Kb1 h6 12. Nd4 Nxd3 13. Qxd3 Qd7 14. Rhe1
Rae8 15. Nxe6 fxe6 16. Bxh6 Bf6 17. Be3 b6 18. g4 Be5 19. Qe4 Qb5 20. Ka1 Bf6
21. f4 e5 22. f5 Bh4 23. c4 Qd7 24. Rf1 Qd8 25. Rf3 Bg5 26. Rh3 Bxe3 27. Qxe3
Qf6 28. Rf1 Qf7 29. Qe4 Qe7 30. Rhf3 Qg5 31. Qd5+ Rf7 1/2-1/2

[Event "Mistrzostwa Polski Juniorow Mlodszych do lat 12 - OOM Zachodniopomorskie 2023"]
[Site "Darlowek"]
[Date "1899-12-30"]
[Round "6.24"]
[White "Boguszewski, Kacper"]
[Black "Hlubek, Tymoteusz"]
[Result "0-1"]
[WhiteTitle "II"]
[BlackTitle "II+"]
[WhiteElo "1275"]
[BlackElo "1203"]

1. e4 e6 2. d4 d5 3. Bd3 dxe4 4. Bxe4 Nf6 5. Bf3 Be7 6. Ne2 O-O 7. Bf4 c5 8. c3
Nc6 9. O-O Re8 10. Na3 cxd4 11. Bxc6 bxc6 12. Nxd4 Bxa3 13. bxa3 e5 14. Bxe5 Rxe5
15. Nxc6 Qxd1 16. Raxd1 Re8 17. Rfe1 Rxe1+ 18. Rxe1 Be6 19. Re2 Kf8 20. Nd4 Bd5
21. f3 Rc8 22. Rc2 Bc4 23. Rd2 g6 24. Kf2 a6 25. Ke1 Nd5 26. Rc2 Re8+ 27. Kf2
Kg7 28. g3 Rb8 29. g4 Rc8 30. Ke1 Re8+ 31. Kf2 Re3 32. Ne2 Rxe2+ 33. Rxe2 Bxe2
34. Kxe2 Nxc3+ 35. Kd2 Nb5 36. a4 Nc7 37. Kc3 Kf8 38. Kc4 Ke7 39. Kc5 Kd7 40.
Kb6 Kd6 41. Kb7 f6 42. Kb6 g5 43. a5 Nd5+ 44. Kxa6 Kc6 45. Ka7 Kc7 46. a3 Ne7
47. Ka6 f5 48. h3 f4 49. Kb5 Ng6 50. Kc5 Nh4 51. Kd5 Nxf3 52. Ke4 Nh4 0-1

[Event "Mistrzostwa Polski Juniorow Mlodszych do lat 12 - OOM Zachodniopomorskie 2023"]
[Site "Darlowek"]
[Date "1899-12-30"]
[Round "6.25"]
[White "Ladon, Tymoteusz"]
[Black "Rabenda, Grzegorz"]
[Result "1-0"]
[WhiteTitle "II"]
[BlackTitle "II"]
[WhiteElo "1292"]
[BlackElo "1322"]

1. e4 c5 2. Nf3 Nc6 3. d4 cxd4 4. Nxd4 g6 5. Nc3 Bg7 6. Be3 Nf6 7. Bc4 Qa5 8. O-O
d6 9. h3 Bd7 10. Bb3 O-O 11. Re1 Rfe8 12. Qe2 Nxe4 13. Nxc6 Bxc6 14. Nxe4 Bxe4
15. Bd2 Qf5 16. Qxe4 Qxe4 17. Rxe4 Bxb2 18. Rb1 Be5 19. f4 Bg7 20. Ba4 f5 21.
Ree1 Bd4+ 22. Be3 Bxe3+ 23. Rxe3 Rec8 24. Rxe7 b6 25. Rd1 Rd8 26. Rde1 Rf8 27.
Rd7 Rfe8 28. Bb3+ Kh8 29. Rd1 Rad8 30. Rxa7 Re4 31. Rb7 Rb4 32. Re1 d5 33. Ree7
h5 34. Bxd5 Rb1+ 35. Kf2 1-0

[Event "Mistrzostwa Polski Juniorow Mlodszych do lat 12 - OOM Zachodniopomorskie 2023"]
[Site "Darlowek"]
[Date "1899-12-30"]
[Round "6.26"]
[White "Kucinski, Jan"]
[Black "Iwan, Patryk"]
[Result "0-1"]
[WhiteTitle "II"]
[BlackTitle "II"]
[WhiteElo "1116"]
[BlackElo "1297"]

1. e4 c5 2. f4 Nc6 3. Nf3 g6 4. Nc3 Bg7 5. Bb5 Nd4 6. e5 a6 7. Bc4 d6 8. O-O e6
9. exd6 b5 10. Be2 Qxd6 11. d3 Ne7 12. Ne4 Qb6 13. h3 Bb7 14. c3 Ndf5 15. Kh2
O-O 16. g4 Nd6 17. Nxd6 Qxd6 18. Be3 Nd5 19. Qd2 e5 20. fxe5 Bxe5+ 21. Kg2 Bh2
22. Bxc5 Qg3+ 23. Kh1 Nf4 24. Rf2 Rfe8 25. Be3 Qxh3 26. Raf1 Bg3+ 27. Kg1 Bxf2+
28. Rxf2 Qxg4+ 29. Kf1 Nxe2 30. Qxe2 Qe6 31. Bd4 Qxe2+ 32. Rxe2 Bxf3 0-1

[Event "Mistrzostwa Polski Juniorow Mlodszych do lat 12 - OOM Zachodniopomorskie 2023"]
[Site "Darlowek"]
[Date "1899-12-30"]
[Round "7.1"]
[White "Chiszko, Oskar"]
[Black "Witczak, Borys"]
[Result "1-0"]
[WhiteTitle "I"]
[BlackTitle "I"]
[WhiteElo "1895"]
[BlackElo "1874"]

1. d4 Nf6 2. c4 g6 3. Nc3 Bg7 4. e4 d6 5. h3 O-O 6. Be3 e5 7. d5 a5 8. g4 Na6 9.
Nge2 Nd7 10. h4 Ndc5 11. Ng3 f5 12. gxf5 gxf5 13. exf5 Bxf5 14. Nxf5 Rxf5 15.
Qg4 Rf8 16. O-O-O Qf6 17. h5 h6 18. Rg1 a4 19. Qh3 Kh7 20. Rg6 Qe7 21. Be2 a3
22. Rdg1 axb2+ 23. Kxb2 Rf7 24. Qg3 e4 25. Bd4 Na4+ 26. Kc1 1-0

[Event "Mistrzostwa Polski Juniorow Mlodszych do lat 12 - OOM Zachodniopomorskie 2023"]
[Site "Darlowek"]
[Date "1899-12-30"]
[Round "7.2"]
[White "Obrycki, Tomasz"]
[Black "Rozanski, Mateusz"]
[Result "0-1"]
[WhiteTitle "I"]
[BlackTitle "I"]
[WhiteElo "1786"]
[BlackElo "1693"]

1. e4 e5 2. Nf3 Nc6 3. Bb5 a6 4. Ba4 b5 5. Bb3 Be7 6. c3 Nf6 7. d3 d6 8. Nbd2 O-O
9. Nf1 Bg4 10. h3 Be6 11. Bc2 d5 12. N1d2 Qd7 13. O-O Rad8 14. Re1 dxe4 15. dxe4
Bc5 16. Ng5 Qe7 17. Nxe6 fxe6 18. Rf1 Qe8 19. g3 Nh5 20. Kg2 Rf6 21. Qe2 Qg6 22.
Qg4 Qf7 23. Nf3 Rf8 24. Bd1 h6 25. Kh2 g5 26. h4 Ng7 27. hxg5 h5 28. Qh3 Rxf3
29. Bxf3 Qxf3 30. Qg2 Qd3 31. g6 Ne7 32. Bh6 Nxg6 33. f4 Kh7 34. Rad1 Qc4 35.
Bxg7 Kxg7 36. Rd7+ Ne7 37. b4 Bd6 38. fxe5 Qxf1 39. Qxf1 Rxf1 40. exd6 cxd6 41.
Rxe7+ Kf6 42. Rh7 Ke5 43. Rxh5+ Kxe4 44. Rh6 Kd5 45. g4 Rf2+ 46. Kg1 Rf3 47. Kg2
Rxc3 48. g5 Rc7 49. Rh4 Ke5 0-1

[Event "Mistrzostwa Polski Juniorow Mlodszych do lat 12 - OOM Zachodniopomorskie 2023"]
[Site "Darlowek"]
[Date "1899-12-30"]
[Round "7.3"]
[White "Pawlicz, Filip"]
[Black "Boryna, Szymon"]
[Result "1-0"]
[WhiteTitle "II"]
[BlackTitle "II+"]
[WhiteElo "1429"]
[BlackElo "1478"]

1. e4 e6 2. d4 d5 3. Nd2 dxe4 4. Nxe4 Nd7 5. Bd3 Ngf6 6. Nf3 h6 7. c3 Nxe4 8. Bxe4
Nf6 9. Bc2 Bd7 10. O-O Bd6 11. Ne5 Qe7 12. Qe2 O-O-O 13. a4 g5 14. b4 Nd5 15.
Bd2 Bxe5 16. dxe5 Nf4 17. Bxf4 gxf4 18. Be4 f5 19. exf6 Qxf6 20. b5 e5 21. a5
Bf5 22. b6 a6 23. bxc7 Rd7 24. Rab1 Rxc7 25. Rb6 Qf7 26. Rfb1 Bxe4 27. Qxe4 Rd8
28. Rxa6 bxa6 29. Qa8+ Kd7 30. Rd1+ Ke6 31. Rxd8 Rxc3 32. Qd5+ Kf6 33. Rd6+ Kg7
34. Qxe5+ Kg8 35. Qxc3 Qb7 36. h3 f3 37. Qxf3 Qb1+ 38. Rd1 Qb4 39. Qd5+ Kg7 40.
Qd4+ 1-0

[Event "Mistrzostwa Polski Juniorow Mlodszych do lat 12 - OOM Zachodniopomorskie 2023"]
[Site "Darlowek"]
[Date "1899-12-30"]
[Round "7.4"]
[White "Karaszewski, Gabriel"]
[Black "Golis, Wiktor"]
[Result "0-1"]
[WhiteTitle "I"]
[BlackTitle "I++"]
[WhiteElo "1769"]
[BlackElo "2046"]

1. d4 d5 2. c4 e6 3. Nf3 c6 4. Bg5 Be7 5. Bxe7 Qxe7 6. e3 Nf6 7. Nc3 O-O 8. Bd3
Nbd7 9. O-O dxc4 10. Bxc4 e5 11. dxe5 Nxe5 12. Nxe5 Qxe5 13. h3 Bf5 14. a4 a5
15. Qb3 Qe7 16. Rfd1 Qc7 17. Rd4 Nd7 18. Rad1 Nc5 19. Qa2 h6 20. Rd6 Rae8 21.
Qa3 b6 22. R1d2 Rd8 23. R6d4 Rxd4 24. Rxd4 Rd8 25. Ne2 Rxd4 26. Nxd4 Bg6 27. b3
Ne4 28. Qc1 Kh8 29. Bd5 c5 30. Ne2 Qe5 31. Nf4 Kh7 32. Qc4 Qa1+ 33. Kh2 Nd2 34.
Qb5 Nf1+ 35. Kg1 Nxe3+ 36. Kh2 Nxd5 0-1

[Event "Mistrzostwa Polski Juniorow Mlodszych do lat 12 - OOM Zachodniopomorskie 2023"]
[Site "Darlowek"]
[Date "1899-12-30"]
[Round "7.5"]
[White "Zawal, Krzysztof"]
[Black "Brzezina, Piotr"]
[Result "0-1"]
[WhiteTitle "I"]
[BlackTitle "I"]
[WhiteElo "1462"]
[BlackElo "1956"]

1. e4 e5 2. Nf3 Nc6 3. Bb5 a6 4. Ba4 Nf6 5. O-O b5 6. Bb3 d6 7. Re1 Be7 8. c3 O-O
9. h3 Nb8 10. d4 Nbd7 11. Nbd2 Bb7 12. Bc2 Re8 13. Nf1 Bf8 14. Ng3 g6 15. Kh2
c5 16. d5 c4 17. Bg5 h6 18. Bxf6 Qxf6 19. Ne2 Nc5 20. g4 Qxf3 21. Rf1 Nxe4 22.
Ng3 Qxd1 23. Raxd1 Nxg3 24. Kxg3 e4 25. Rfe1 Re5 0-1

[Event "Mistrzostwa Polski Juniorow Mlodszych do lat 12 - OOM Zachodniopomorskie 2023"]
[Site "Darlowek"]
[Date "1899-12-30"]
[Round "7.6"]
[White "Gibala, Adam"]
[Black "Gorecki, Michal"]
[Result "1-0"]
[WhiteTitle "I"]
[BlackTitle "II"]
[WhiteElo "1915"]
[BlackElo "1408"]

1. d4 Nf6 2. c4 g6 3. Nc3 Bg7 4. e4 d6 5. Be2 O-O 6. Bg5 Nbd7 7. Nf3 c5 8. d5 h6
9. Bh4 Rb8 10. O-O a6 11. Nd2 Qa5 12. Nb3 Qd8 13. Qc2 Re8 14. a4 a5 15. f4 b6
16. Bg3 Nh7 17. Rae1 Ba6 18. Nb5 Bxb5 19. cxb5 Qc7 20. Nd2 Rbd8 21. Bc4 Ndf6 22.
e5 Nh5 23. Nf3 Nxg3 24. hxg3 Nf8 25. f5 g5 26. e6 f6 27. Nh2 Ra8 28. Qe2 Reb8
29. Kf2 Qd8 30. Rh1 Qe8 31. Ng4 Kh7 32. Rh3 h5 33. Rxh5+ Kg8 34. Reh1 Rd8 35.
R1h3 Rac8 36. Qe1 Rc7 37. Qh1 Nxe6 38. Rh8+ Bxh8 39. Rxh8+ Kf7 40. dxe6+ Kg7 41.
Qh6# 1-0

[Event "Mistrzostwa Polski Juniorow Mlodszych do lat 12 - OOM Zachodniopomorskie 2023"]
[Site "Darlowek"]
[Date "1899-12-30"]
[Round "7.7"]
[White "Dobrowolski, Kamil"]
[Black "Ochedzan, Filip"]
[Result "0-1"]
[WhiteTitle "II"]
[BlackTitle "I"]
[WhiteElo "1532"]
[BlackElo "1856"]

1. e4 c5 2. Nf3 d6 3. d4 cxd4 4. Qxd4 Nc6 5. Qe3 Nf6 6. h3 a6 7. Be2 e5 8. O-O
Be7 9. c4 O-O 10. Nc3 Be6 11. b3 Rc8 12. Rd1 Nb4 13. Rd2 Qa5 14. Bb2 Nc6 15. Rc1
Qc5 16. Qxc5 dxc5 17. Rcd1 Rfd8 18. Nd5 Kf8 19. Bd3 Nd7 20. Bc3 b6 21. Re2 Nd4
22. Re3 f6 23. Kf1 Bd6 24. Nd2 Rb8 25. Rb1 b5 26. Ree1 Rdc8 27. Rec1 b4 28. Bb2
a5 29. a4 g6 30. Re1 Kf7 31. f3 h5 32. g4 hxg4 33. hxg4 Rh8 34. Kg2 Rh7 35. Rh1
Rbh8 36. Rxh7+ Rxh7 37. Rf1 Bf8 38. Re1 Bh6 39. Ne3 Bf4 40. Nef1 Nb8 41. Bc1 Nbc6
42. Be2 Nc2 43. Rd1 N6d4 44. Bd3 Na1 45. Ng3 Bxg3 46. Kxg3 Naxb3 47. Nxb3 Nxb3
48. Be3 Nd4 49. Rc1 Rh8 50. Bf2 Rb8 51. Be1 Bd7 52. Ra1 g5 53. Kf2 Ke7 54. Ke3
Kd6 55. Ra2 Kc7 56. Be2 Be6 57. Bd3 Kb6 58. Ra1 Ka6 59. Bd2 Bd7 60. Bc1 Nb3 61.
Rb1 Nxc1 62. Rxc1 Bxa4 63. Ra1 Bb3 0-1